Rocket Bot Royale Season Winners - Statistics

General Stats
  • This quiz has been taken 49 times
    38 since last reset
  • The average score is 21 of 31
Answer Stats
Season Winner % Correct
3 Boop
95%
7 Boop
95%
11 Boop
95%
13 Boop
95%
25 Dark
82%
1 Pepperboi
82%
31 Alexabxe3
77%
14 Colt
77%
16 Colt
77%
24 Colt
77%
23 FLEX
77%
22 PEPEGA
77%
30 FLUFF l S'MORES
73%
18 BingoBongo
68%
19 KleinerSpino
68%
4 Nowisk
68%
12 Steelcrow
68%
15 Steelcrow
68%
20 Promethium
64%
2 Spearfire81
59%
21 Community
55%
28 Cracksniffer
55%
27 Kitnyp
55%
5 Partzlokie
55%
6 ZeroniX
55%
17 Ethanza
50%
26 ryguy
50%
8 Seanysean
50%
29 UCBM
50%
9 IbanITH
41%
10 MRNIGHTMARE
41%
No matching quizzes found
Score Distribution
Percent of People with Each Score
Percentile by Number Answered
Your Score History
You have not taken this quiz since the last reset